| 000 | 00514nam a22001937a 4500 | ||
|---|---|---|---|
| 003 | OSt | ||
| 005 | 20151215133608.0 | ||
| 008 | 151215b xxu||||| |||| 00| 0 eng d | ||
| 020 | _a033391886 | ||
| 040 | _cDDC | ||
| 082 | _a362.88 MOO2000. | ||
| 100 |
_aMooney,Jayne; _96578 |
||
| 245 | _aGender ,Violence and the Social Order. | ||
| 260 |
_aLondon. _bPalgrave. _c2000 |
||
| 300 |
_axi,260p; _bill; _c22cm |
||
| 504 | _aincludes Notes,References and Index. | ||
| 650 |
_aSocial Order. _96579 |
||
| 942 |
_2ddc _cSLOAN |
||
| 999 |
_c2867 _d2867 |
||